| 000 | 00501nam a2200145 a 4500 | ||
|---|---|---|---|
| 008 | 120416s0000 ||||||||||||||||| || u | ||
| 020 | _a0821319108 | ||
| 050 | _aIBRD(08)DP | ||
| 100 | _aMalpezzi, Stephen | ||
| 245 | 1 | 0 | _aRent control in developing countries |
| 260 |
_aWashington, D. C. _bWorld Bank _c1991 |
||
| 300 | _axiv, 84p. : ill. | ||
| 350 | _a0.00 | ||
| 995 |
_D0.00 _FCBU-MAIN LIBRARY (Kitwe) _H1 _I0.00 _UAVAILABLE _ZInternational Publications |
||
| 999 |
_c56065 _d56065 |
||